Statistics for Double G Vocabulary Words

Click here to take the quiz!

General Stats

  • This quiz has been taken 22,313 times
    (16,702 since last reset)
  • The average score is 14 of 22

Answer Stats

Definition Word % Correct
Jamaican musical genreReggae
92%
Holiday beverage made with
eggs and nutmeg
Eggnog
91%
To argue over pricesHaggle
89%
Group of geeseGaggle
86%
Small chunk of gold or chickenNugget
83%
Slang for one's headNoggin
76%
To import illegallySmuggle
75%
Larva of a flyMaggot
73%
Protective eyewearGoggles
71%
To walk with a cocky, swaying motionSwagger
70%
Hot and humidMuggy
62%
British slang for "had sex"Shagged
60%
Long sled without runnersToboggan
56%
Independent online journalistBlogger
52%
Whipped, in the British NavyFlogged
51%
British slang for "kissed"
or "made out"
Snogged
48%
Knife made as a weaponDagger
44%
Terraced pyramid of ancient MesopotamianZiggurat
43%
Unstoppable forceJuggernaut
39%
The notes of a chord, played in
series rather than at once
Arpeggio
35%
Floating beam that supports a canoeOutrigger
33%
Northerner who migrated to the South
during Reconstruction
Carpetbagger
27%

Score Distribution

Percentile by Number Answered

Percent of People with Each Score

Your Score History

You have not taken this quiz since the last reset